Normal view
MARC view
Entry Personal Name
001 - CONTROL NUMBER
- control field: 27798
003 - CONTROL NUMBER IDENTIFIER
- control field: OSt
005 - DATE AND TIME OF LATEST TRANSACTION
- control field: 20230712081942.0
008 - FIXED-LENGTH DATA ELEMENTS
- fixed length control field: 230712|| aca||aabn | a|a d
040 ## - CATALOGING SOURCE
- Original cataloging agency: OSt
- Transcribing agency: OSt
100 ## - HEADING--PERSONAL NAME
- Personal name: တပ်မတော်သားတစ်ဦး။
670 ## - SOURCE DATA FOUND
- Source citation: Work cat.: (OSt): တပ်မတော်သားတစ်ဦး။, ငရဲခန်းများအတွင်းကဖြတ်သန်းခဲ့ရသောမြန်မာပြည် /, ၁၉၉၀။